| 000 | 02476cam a2200493Li 4500 | ||
|---|---|---|---|
| 001 | ocn708395651 | ||
| 003 | TZ-ArACH | ||
| 005 | 2013050909029.0 | ||
| 008 | 110202s2010 fr f b 001 0 fre d | ||
| 016 | 7 |
_aFRBNF423927000000006 _2FrPBN |
|
| 020 | _a9782247086412 (rel) | ||
| 020 | _a2247086411 (rel) | ||
| 035 | _a(OCoLC)708395651 | ||
| 040 |
_aZWZ _encafnor _bfre _cTZ-ArACH _dOCLCQ _dUQ1 _dBDF |
||
| 041 | _aFre | ||
| 049 | _aTZAA | ||
| 050 | 1 | 4 |
_aKJV220 _bH35 |
| 082 | 1 | 4 |
_a340.023 44 _222 |
| 100 | 1 |
_aAder, Henri, _eAuteur. _99769 |
|
| 245 | 1 | 0 |
_aRègles de la profession d'avocat _h[Texte imprimé] / _cHenri Ader, ... André Damien, ... ; avec la collaboration de Sébastien Bigot de la Touanne, ... |
| 250 |
_a13e édition, novembre 2010. _b[2011-2012]. |
||
| 260 |
_aParis : _bDalloz, _cimpr. 2010, DL 2011. |
||
| 300 |
_a1 v. (XXXI-814 p.) ; _c26 cm. |
||
| 490 | 1 |
_aDalloz action, _x1281-6507 |
|
| 500 | _aLa couv. porte en plus : "Formation-Serment, Bâtonnier-Conseil de l'ordre, Conseil national des barreaux, Secret professionnel, Conflit d'intérêts, Principe du contradictoire, Champ d'activité professionnelle, Spécialisations-Publicité, Honoraires-Aide juridictionnelle, Structures-Difficultés financières, Collaborateur Libéral-Salarié, Bureaux secondaires-Réseaux, Union Européenne, Déontologie, Discipine-Responsabilité" | ||
| 504 | _aNotes bibliogr. Index. | ||
| 650 | 7 |
_aAvocats _xStatut juridique _zFrance. _2ram _99770 |
|
| 650 | 7 |
_aLawyers _zFrance _99771 |
|
| 650 | 7 |
_aAvocats _xDéontologie _zFrance. _2ram _99772 |
|
| 650 | 7 |
_aDéontologie. _2rasuqam _99773 |
|
| 650 | 7 |
_aPratique professionnelle. _2rasuqam _99774 |
|
| 650 | 7 |
_aLaw Practice _zFrance _99775 |
|
| 650 | 7 |
_aLegal ethics _zFrance _99776 |
|
| 650 | 7 |
_aResponsabilité professionnelle. _2rasuqam _99777 |
|
| 650 | 7 |
_aSecret professionnel. _2rasuqam _99778 |
|
| 651 | 7 |
_aFrance. _2rasuqam _99779 |
|
| 700 | 1 |
_aDamien, André _d(1930- ...)., _eAuteur. _99780 |
|
| 700 | 1 |
_aLa Touanne, Sébastien de, _eCollaborateur. _99781 |
|
| 830 | 0 |
_aDalloz action. _99782 |
|
| 856 | 4 | 2 |
_3Notice et cote du catalogue de la Bibliothèque nationale de France _uhttp://catalogue.bnf.fr/ark:/12148/cb42392700j |
| 942 |
_2lcc _cBOOK |
||
| 999 |
_c2205 _d2205 |
||